000
00273nam a22001217a 4500
020
_a
NA
082
_2
22
_a
658
100
_a
Chandan, J. S.
245
_a
Management concepts and strategies /
260
_b
Vikas Publishing,
_c
c2005.
300
_a
0
_b
ill. ;
942
_2
ddc
_c
MAG
999
_c
4093
_d
4093